| 000 | 03057nam a2200409 a 4500 | ||
|---|---|---|---|
| 999 |
_c2778 _d2778 |
||
| 006 | m |o go|ad | ||
| 007 | cr ||||||||||| | ||
| 008 | 100716s2016 enkab ob 001 0 eng d | ||
| 020 | _a9781315589039 (ebook) | ||
| 040 |
_aKO _beng |
||
| 041 | 0 | _aeng | |
| 044 | _aenk | ||
| 082 | 0 | 0 |
_a387.544 _223 |
| 245 | 0 | 0 |
_aIntegrating seaports and trade corridors / _cedited by Peter Hall ... [et al.]. |
| 264 |
_aLondon : _bRoutledge, Taylor & Francis Group, _c2016. |
||
| 300 | _a1 online resource | ||
| 490 | 1 | _aTransport and mobility series | |
| 504 | _aIncludes bibliographical references and index. | ||
| 505 | 0 | _aEconomic cycles in maritime shipping and ports : the path to the crisis of 2008 / Gustaaf De Monie, Jean-Paul Rodrigue and Theo Notteboom -- Organizational and geographical ramifications of the 2008-09 financial crisis on the maritime shipping and port industries / Theo Notteboom, Jean-Paul Rodrigue and Gustaaf De Monie -- Carriers' role in opening gateways : experiences from major port regions / Antoine Frémont and Francesco Parola -- Transport and logistics hubs : separating fact from fiction / Elisabeth Gouvernal, Valérie Lavaud-Letilleul and Brian Slack -- Port, corridor, gateway and chain : exploring the geography of advanced maritime producer services / Peter V. Hall, Wouter Jacobs and Hans Koster -- Measuring port performance : lessons from the waterfront / Claude Comtois and Brian Slack -- Key interactions and value drivers towards port users' satisfaction / Athanasios A. Pallis and Thomas K. Vitsounis -- Improving port performance : from serving ships to adding value in supply chains / Anthony Beresford, Su-Han Woo and Stephen Pettit -- Coordination in multi-actor logistics operations : challenges at the port interface / Trevor D. Heaver -- Benchmarking the integration of corridors in international value networks : the study of African cases / Jean-François Pelletier and Yann Alix -- Building value into transport chains : the challenges of multi-goal policies / Emmanuel Guy and Frédéric Lapointe -- Perspectives on integrated container transport : the Canadian example / Robert J. McCalla -- Trade corridors and gateways: an evolving national transportation plan / Michael C. Ircha -- Hinterlands, port regionalisation and extended gateways : the case of Belgium and northern France / Jacques J. Charlier -- Entrepreneurial region and gateway-making in China : a case study of Guangxi / James J. Wang. | |
| 650 | 0 | _aHarbors. | |
| 650 | 0 | _aShipping. | |
| 650 | 0 | _aTrade routes. | |
| 650 | 0 | _aInfrastructure (Economics). | |
| 650 | 0 | _aBusiness logistics. | |
| 650 | 0 |
_aTransportation _xPlanning. |
|
| 650 | 0 | _aTransportation geography. | |
| 700 | 1 |
_aHall, P. V. _q(Peter V.), _d1968- _eedt |
|
| 700 | 1 |
_aMcCalla, Robert J. _eedt |
|
| 700 | 1 |
_aComtois, Claude. _eedt |
|
| 700 | 1 |
_aSlack, Brian. _eedt |
|
| 830 | 0 | _aTransport and mobility series. | |
| 856 | 4 | 0 | _uhttp://www.taylorfrancis.com/books/9781315589039 |
| 904 | _aRUDRA_R | ||
| 905 | _aR_RANJAN | ||
| 942 | _cEB | ||